Futurama Quiz (Hard) - Statistics

General Stats
  • This quiz has been taken 123 times
  • The average score is 6 of 15
Answer Stats
Hint Answer % Correct
Bender's middle name Bending
94%
Male alias used by Leela to join the military Lee Lemon
63%
Forbidden show Star Trek
60%
Fast food chain that sold popplers Fishy Joe's
52%
Hermes's bureaucratic rank (usually) 36
51%
Any of Mom's sons Walt, Larry or Igner
49%
Country band fused together in a freak accident Dixie Chicks
34%
Leela's mom's name Munda
30%
Worst Blernsball player (Before Leela) Hank Aaron XXIV
28%
Kif's species Amphibiosan
25%
Powder made from Box network executives Torgo's Executive Powder
25%
Bender's folk singer idol Silicon Red
18%
Actor with a paper bag over his head Langdon Cobb
17%
He ran against Nixon for president of Earth Chris Travers
15%
Robots that take people aged 160+ to the Near-Death Star Sunset Squad
13%
No matching quizzes found
Score Distribution
Percent of People with Each Score
Percentile by Number Answered
Your Score History
You have not taken this quiz